|
|
|
|
| LEADER |
00000nam0a2200000 4500 |
| 001 |
273805 |
| 005 |
20231101234651.0 |
| 020 |
|
|
|a RU
|b 87-80560
|
| 035 |
|
|
|a (RuTPU)RU\TPU\book\297015
|
| 090 |
|
|
|a 273805
|
| 100 |
|
|
|a 20141029d1987 k y0rusy5003 ca
|
| 101 |
0 |
|
|a rus
|
| 102 |
|
|
|a RU
|
| 105 |
|
|
|a a z 001zy
|
| 200 |
1 |
|
|a Работа водных потоков
|f под ред. Р. С. Чалова
|
| 210 |
|
|
|a Москва
|c Изд-во МГУ
|d 1987
|
| 215 |
|
|
|a 193 с.
|c ил.
|d 22 см
|
| 320 |
|
|
|a Библиогр.: с. 188-192
|
| 606 |
1 |
|
|a Почвы
|x Эрозия
|2 stltpush
|3 (RuTPU)RU\TPU\subj\51027
|9 69639
|
| 606 |
1 |
|
|a Поток русловой
|x Гидравлика
|2 stltpush
|3 (RuTPU)RU\TPU\subj\50964
|9 69578
|
| 610 |
1 |
|
|a водная эрозия
|
| 610 |
1 |
|
|a динамика
|
| 610 |
1 |
|
|a эрозионно-аккумулятивные процессы
|
| 610 |
1 |
|
|a проявление
|
| 610 |
1 |
|
|a временные водотоки
|
| 610 |
1 |
|
|a линейная эрозия
|
| 610 |
1 |
|
|a русловые процессы
|
| 610 |
1 |
|
|a речные русла
|
| 610 |
1 |
|
|a монографии
|
| 675 |
|
|
|a 631.4
|z rus
|v 3
|
| 675 |
|
|
|a 627.15
|z rus
|v 3
|
| 702 |
|
1 |
|a Чалов
|b Р. С.
|g Роман Сергеевич
|4 340
|
| 801 |
|
0 |
|a RU
|b RuMRKP
|c 19950417
|g psbo
|
| 801 |
|
1 |
|a RU
|b 63413507
|c 20141029
|
| 801 |
|
2 |
|a RU
|b 63413507
|c 20170116
|g RCR
|
| 942 |
|
|
|c BK
|